| 000 | 00491nam a2200181Ia 4500 | ||
|---|---|---|---|
| 001 | 9655 | ||
| 005 | 20260306161734.0 | ||
| 008 | 260306t2008||||xx |||||||||||||| ||spa|| | ||
| 041 | _aESP | ||
| 082 |
_a388.0490985 _bV35 |
||
| 100 |
_aVásquez Cordano, Arturo _eAUT |
||
| 245 | 0 | _aEnsayos sobre el rol de la infraestructura vial en el crecimiento económico del Perú | |
| 260 | _c2008 | ||
| 300 |
_a197 páginas : _c21 cm. |
||
| 650 | _aGEN | ||
| 654 | _aCAN | ||
| 942 |
_cLIB _dJUS _fJUS _2ddc _n |
||
| 999 |
_c9655 _d9655 |
||